| 000 | 00418cam a2200169ua 4500 | ||
|---|---|---|---|
| 020 | _c1.75 | ||
| 041 |
_amal _h |
||
| 082 |
_a894.812308 _bDIV/KA |
||
| 100 | _aDivakaran Potti, E K . | ||
| 245 | 0 | 0 |
_aKampivelikal / _cE K Divakaran Potti. _hTextual Documents |
| 260 |
_aKodungallur : _bKerala Book House , _c1962. |
||
| 300 | _a150 ; . | ||
| 365 | _a1.75 | ||
| 504 | _a | ||
| 942 | _cBK | ||
| 999 |
_c4250 _d4250 |
||